Organisationspsychologie
Enregistré dans:
| Auteur principal: | |
|---|---|
| Autres auteurs: | , |
| Format: | Livre |
| Langue: | allemand |
| Publié: |
Stuttgart
Kohlhammer
1988
|
| Édition: | 7. Aufl. |
| Collection: | Urban-Taschenbücher
Bd. 501 |
| Sujets: | |
| Tags: |
Pas de tags, Soyez le premier à ajouter un tag!
|
MARC
| LEADER | 00000nam a2200000 4500 | ||
|---|---|---|---|
| 001 | c019147 | ||
| 005 | 20221206134436.6 | ||
| 020 | |a 3-17-010179-X | ||
| 041 | 0 | |a ger | |
| 044 | |a DE | ||
| 245 | 1 | 0 | |a Organisationspsychologie |c Lutz von Rosenstiel, Walter Molt, Bruno Rüttinger |
| 250 | |a 7. Aufl. | ||
| 264 | 1 | |a Stuttgart |b Kohlhammer |c 1988 | |
| 300 | |a 232 s. | ||
| 490 | 1 | |a Urban-Taschenbücher |v Bd. 501 | |
| 830 | 0 | |a Urban-Taschenbücher |v Bd. 501 | |
| 610 | 2 | 0 | |a psychológia |
| 610 | 2 | 0 | |a psychológia podniková |
| 610 | 2 | 0 | |a organizácia |
| 610 | 2 | 0 | |a skupiny pracovné |
| 610 | 2 | 0 | |a konflikty |
| 610 | 2 | 0 | |a rozhodovanie |
| 610 | 2 | 0 | |a kontrola |
| 610 | 2 | 0 | |a socializácia |
| 610 | 2 | 0 | |a výskum |
| 610 | 2 | 0 | |a riadenie |
| 100 | 1 | |a Rosenstiel, Lutz von | |
| 700 | 1 | |a Molt, Walter | |
| 700 | 1 | |a Rüttinger, Bruno | |